50 Most Famous Cities! - Statistics

General Stats
  • This quiz has been taken 57 times
  • The average score is 21 of 50
Answer Stats
Answer % Correct
London
100%
Paris
91%
Rome
84%
Tokyo
81%
Madrid
79%
Las
77%
Los
77%
Moscow
77%
Beijing
70%
Shanghai
70%
Rio
67%
Delhi
63%
Mexico
63%
Sydney
63%
Amsterdam
60%
Cairo
60%
Istanbul
60%
Athens
56%
Buenos
51%
Mumbai
49%
Brussels
47%
Lisbon
44%
Miami
44%
Singapore
44%
Singapore
44%
Vienna
44%
Warsaw
44%
Chicago
42%
Dubai
42%
Stockholm
40%
Bangkok
37%
Melbourne
37%
Vatican
37%
Jakarta
33%
Washington
33%
Copenhagen
30%
Kyiv
21%
Manchester
21%
Lima
19%
Dhaka
14%
Perth
12%
Alexandria
9%
Wellington
5%
Algiers
2%
Canberra
2%
Colombo
2%
Tunis
2%
Guatemala
0%
Kampala
0%
Salvador
0%
No matching quizzes found
Score Distribution
Percent of People with Each Score
Percentile by Number Answered
Your Score History
You have not taken this quiz